Institutiones philosophicae quas Romae in Pontificia Universitate Gregoriana. (Record no. 166805)

MARC details
000 -LEADER
campo de control de longitud fija 00726nam a2200193 i 4500
001 - NÚMERO DE CONTROL
campo de control 166805
003 - IDENTIFICADOR DE NÚMERO DE CONTROL
campo de control ES-MaACL
005 - FECHA Y HORA DE LA ÚLTIMA TRANSACCIÓN
campo de control 20250822062557.0
008 - DATOS DE LONGITUD FIJA--INFORMACIÓN GENERAL
campo de control de longitud fija 940206q18911900sp |||| | lat d
100 1# - ENTRADA PRINCIPAL--NOMBRE DE PERSONA
Nombre de persona Urráburu, Juan José.
9 (RLIN) 112222
245 10 - MENCIÓN DEL TÍTULO
Título Institutiones philosophicae quas Romae in Pontificia Universitate Gregoriana.
Número de parte o sección de la obra IV,
Nombre de parte o sección de la obra Psychología /
Mención de responsabilidad, etc. tradiderat P. Joannes Josephus Urráburu.
260 ## - PUBLICACIÓN, DISTRIBUCIÓN, ETC.
Lugar de publicación, distribución, etc. Vallisoleti :
Nombre del editor, distribuidor, etc. [s.n.],
Fecha de publicación, distribución, etc. 1891 (
Fabricante Typ. Viduae ac Filiorum a Cuesta)
300 ## - DESCRIPCIÓN FÍSICA
Extensión 1 v. (VII, 991 p.) ;
Dimensiones 24 cm.
650 07 - PUNTO DE ACCESO ADICIONAL DE MATERIA--TÉRMINO DE MATERIA
Término de materia o nombre geográfico como elemento de entrada Psicología
Fuente del encabezamiento o término embne
9 (RLIN) 16540
700 1# - ENTRADA AGREGADA--NOMBRE PERSONAL
Nombre de persona Cuesta, Viuda e hijos de.
9 (RLIN) 126665
752 ## - ENTRADA AGREGADA--NOMBRE JERÁRQUICO DEL LUGAR
País o entidad superior España -
Ciudad , Valladolid
852 ## - LOCALIZACIÓN
Ubicación ES-MaACL
Número de control de estantería F-794
Nota libre - Enc. hol.
Holdings
Estatus retirado Estado de pérdida Estado de daño No para préstamo Colección Biblioteca de origen Biblioteca actual Ubicación en estantería Fecha de adquisición Fuente de adquisición Total de préstamos Signatura topográfica completa Código de barras Visto por última vez Precio de reemplazo Tipo de ítem Koha
        Libros del s. XIX Biblioteca del Ateneo de Madrid Biblioteca del Ateneo de Madrid Depósito 2 17/01/2008     F-794 1174957 23/02/2023 23/02/2023 Libro impreso antiguo